| 000 | 01382cam a22003254a 4500 | ||
|---|---|---|---|
| 001 | 12034160 | ||
| 003 | OSt | ||
| 005 | 20170105101204.0 | ||
| 008 | 000608s2001 caua b 001 0 eng | ||
| 010 | _a 00043337 | ||
| 020 | _a0534370969 | ||
| 040 |
_aDLC _cDLC _dDLC |
||
| 042 | _apcc | ||
| 050 | 0 | 0 |
_aBF176 _b.K36 2001 |
| 082 | 0 | 0 |
_a150/.28/7 _221 |
| 100 | 1 |
_aKaplan, Robert M. _q(Robert Malcolm), _d1947- |
|
| 245 | 1 | 0 |
_aPsychological testing : _bprinciples, applications, and issues / _cRobert M. Kaplan, Dennis P. Saccuzzo. |
| 250 | _a5th ed. | ||
| 260 |
_aBelmont, CA : _bWadsworth/Thomson Learning, _cc2001. |
||
| 300 |
_axxiii, 708 p. : _bill. ; _c24 cm. |
||
| 504 | _aIncludes bibliographical references (p. 641-686) and indexes. | ||
| 650 | 0 | _aPsychological tests. | |
| 700 | 1 |
_aSaccuzzo, Dennis P., _d1947- |
|
| 856 | 4 | 2 |
_3Contributor biographical information _uhttp://www.loc.gov/catdir/enhancements/fy1515/00043337-b.html |
| 856 | 4 | 2 |
_3Publisher description _uhttp://www.loc.gov/catdir/enhancements/fy1515/00043337-d.html |
| 856 | 4 | 1 |
_3Table of contents only _uhttp://www.loc.gov/catdir/enhancements/fy1515/00043337-t.html |
| 906 |
_a7 _bcbc _corignew _d1 _eocip _f20 _gy-gencatlg |
||
| 942 |
_2ddc _cBK |
||
| 999 |
_c2895 _d2895 |
||